00567nam a2200169Ia 4500008004100000020001500041041001200056082001600068100001800084245005200102260002500154300000800179650000800187942000700195999001500202952018000217221030s9999 xx 000 0 und d a0070445338 aEnglish a105.23bSko aM. I. Skolnik 0aIntroduction to Radar Systemscby M. I. Skolnik bTMHaNew Delhic2001 a772 aECE cBK c8377d8377 pBE 6737g275.00l0o105.23 Skor2024-06-13 00:00:00w2022-10-30yBK003Print4070aMIETLIBbMIETLIBcBL-Academic Block- Aacademic, FL-1, CUP-10, SH-5, R-5d2003-06-1610HBE